00524nam a2200157 a 450000100100000000500170001000800410002704000250006808200140009324500150010726000850012230000200020704900090022795201130023699900170034900002945120200930055547.0090717s198? dr 001 0 spa d aDO-SdBNPbspacBNPHU axxxbC35700aCatecismo. aSanto Domingo :bPublicación de los Misioneros del Sagrado Corazón,c[198?]. a48 P. ;c15 cm. aBNPD 00107-18PDaPDbPDcOId2011-04-15iLF1l0oxxx C357p29451-10r2020-06-25w2020-06-25yLFPDZNo se presta c28943d28943